Optimal control of a fermentation process

Este artc̕ulo incluye la descripcin̤ del proceso de fermentacin̤ discontinuo de cerveza que ha sido optimizado usando una tčnica basada en la aplicacin̤ del cl̀culo de variaciones. Es introducido el mťodo del gradiente como una herramienta valiosa para el control p̤timo del proceso de fermentacin̤...

Ամբողջական նկարագրություն

Պահպանված է:
Մատենագիտական մանրամասներ
Այլ հեղինակներ: Carrillo Ureta G.E, Roberts P.D, Becerra V.M, Department of Chemical Engineering, Norwegian University of Science and Technology (NTNU)
Ձևաչափ: Գիրք
Լեզու:անգլերեն
Խորագրեր:
Առցանց հասանելիություն:Optimal control of a fermentation process
Ցուցիչներ: Ավելացրեք ցուցիչ
Չկան պիտակներ, Եղեք առաջինը, ով նշում է այս գրառումը!

MARC

LEADER 00000nam a22000004a 4500
001 vpro1864
005 20201223000000.0
008 120824s2007 ck # g## #001 0#eng#d
020
022
040 |a CO-BoINGC 
041 0 |a eng 
245 1 0 |a Optimal control of a fermentation process 
246 |a Control p̤timo de un proceso de fermentacin̤ 
264 |a Bogot ̀(Colombia) :  |b Revista VirtualPRO,  |c 2007 
520 3 |a Este artc̕ulo incluye la descripcin̤ del proceso de fermentacin̤ discontinuo de cerveza que ha sido optimizado usando una tčnica basada en la aplicacin̤ del cl̀culo de variaciones. Es introducido el mťodo del gradiente como una herramienta valiosa para el control p̤timo del proceso de fermentacin̤ cervecero seleccionado. Se incluyen los resultados obtenidos para tres casos diferentes donde se emplea este mťodo. 
650 \ \ |a Fermentacin̤ 
650 \ \ |a Control de procesos industriales 
650 \ \ |a Fermentation 
650 \ \ |a Industrial process control 
650 \ \ |a Fermentos 
650 \ \ |a Vinificacin̤ 
650 \ \ |a Sistemas no lineales 
650 \ \ |a Procesos de fermentacin̤ discontinua 
650 \ \ |a Control p̤timo 
650 \ \ |a Fermentacin̤ de la cerveza 
650 \ \ |a Ferments 
650 \ \ |a Wine 
650 \ \ |a Non-linear systems 
650 \ \ |a Discontinuous fermentation processes 
650 \ \ |a Optimal control 
650 \ \ |a Fermentation of beer  
700 \ \ |a Carrillo Ureta G.E. 
700 \ \ |a Roberts P.D. 
700 \ \ |a Becerra V.M.  
700 \ \ |a Department of Chemical Engineering, Norwegian University of Science and Technology (NTNU) 
856 |z Optimal control of a fermentation process  |u https://virtualpro.unach.elogim.com/biblioteca/control-optimo-de-un-proceso-de-fermentacion